04822njm a2200625Ia 450000100060000000300090000600500170001500800410003204000130007304000130008610000110009910000180011010000380012824500500016625000110021626000110022726000480023830000170028630000290030350000160033250506020034851101580095051101620110851101480127051101590141851101250157751101500170251100770185251101620192951101200209151101170221151101330232865000480246170000610250970000810257070000700265170000820272170001000280370000810290370000650298470000840304970000860313370000700321970000580328970000820334770000810342970000770351070000960358770000900368370000740377370000950384770000790394270000960402170000790411740459IT-RoPAU20220918181138.0131025s9999 xx 000 0 und d aIT-RoPAU cIT-RoPAU aAA.VV. eAutore musica gCodice autore musica SPICS: 12000 aJazz. Gli uomini, gli strumenti, gli stili 53 a2a ed. aMILANO bFRATELLI FABBRI EDITORIc1987 [1a Ed.:1987] aMUSICASSETTA c42 minuti (Testo: pag.) aMusica jazz aI Want A Little Girl [(New York, 1938) (3:00)] - Dickie's Dream [(New York, 5.11.1939) (3:00)] - Three Little Words [(New York, 28.3.1944) (4:00)] - I Got Rhythm (4:00) - Basie English [(New York, 18.4.1944) (3:00)] - Indiana [(New York, 1.5.1944) (3:00)] - These Foolish Things [(Los Angeles, ottobre 1945) (4:00)] - I Want To Be Happy [(Los Angeles, dicembre 1945) (4:00)] - Lover Come Back To Me [(Los Angeles, febbraio 1946) (3:00)] - Lester's Be Pop [(Los Angeles, agosto 1946) (4:00)] - Something To Remember You By [(New York, 29.12.1948) (3:00)] - Crazy Over [(New York, 28.6.1949) (3:00)] aClayton Buck: tr; Durham Eddie: tbne, chit; Young Lester: cl; Green Freddie: chit; Page Walter: cb; Jones Jo: batt; Lester Young and His Kansas City Five aClayton Buck: tr; Wells Dicky: tbne; Young Lester: ten; Basie Count: p; Green Freddie: chit; Page Walter: cb; Jones Jo: batt; Count Basie's Kansas City Seven aColeman Bill: tr; Wells Dicky: tbne; Young Lester: ten; Bushkin Joe: p; Simmons John: cb; Jones Jo: batt; The Kansas City Six With Lester Young aButterfield Billy: tr; D'Amico Hank: cl; Young Lester: ten; Guarnieri Johnny: p; Hall Dexter: chit; Taylor Billy: cb; Cole Cozy: batt; Lester Young Septet aYoung Lester: ten; Basie Count: p; Green Freddie: chit; Richardson Rodney: cb; Wilson Shadow: batt; Lester Young Quintet aDickenson Vic: tbne; Young Lester: ten; Marmarosa Dodo: p; Green Freddie: chit; Callender Red: cb; Tucker Henry: batt; Lester Young and His Group aYoung Lester: ten; King Cole Nat: p; Rich Buddy: batt; Lester Young Trio aMcGhee Howard: tr; Dickenson Vic: tbne; Smith Willie: alto; Young Lester: ten; Jones Wesly: p; Counce Curtis: cb; Otis Johnny: batt; Lester Young and His Men aYoung Lester: ten; Albany Joe: p; Ashby Irving: chit; Callender Red: cb; Hamilton Chico: batt; Lester Young Quintet aYoung Lester: ten; Di Novi Gene: p; Wayne Chuck: chit; Russell Curney: cb; Kahn Tiny: batt; Lester Young Quintet aDrake Jesse: tr; Elliot Jerry: tbne; Young Lester: ten; Mance Junior: p; Jakson Leroy: cb; Haynes Roy: batt; Lester Young Sextet aJAZZ [CASSETTE]eCodice MATERIA SPICS: 9951 aYoung LesterdCodice interprete SPICS: 13036eInterprete aMolldCodice autore musica SPICS: 20288eAutore musicapI Want A Little Girl aMencherdCodice autore SPICS: 20289eAutorepI Want A Little Girl aBasie CountdCodice autore musica SPICS: 10545eAutore musicapDickie's Dream aYoung LesterdCodice autore SPICS: 13036eAutorepDickie's Dream - Lester's Be Pop - Crazy Over aKalmardCodice autore musica SPICS: 20290eAutore musicapThree Little Words aRubydCodice autore SPICS: 19973eAutorepThree Little Words aGershwin GeorgedCodice autore musica SPICS: 10668eAutore musicapI Got Rhythm aGuarnieri JohnnydCodice autore musica SPICS: 20291eAutore musicapBasie English aBalarddCodice autore musica SPICS: 20292eAutore musicapIndiana aMcDonalddCodice autore SPICS: 20293eAutorepIndiana aHanleydCodice autore testo/musica SPICS: 20294eAutore testo/musicapIndiana aLinkdCodice autore musica SPICS: 20295eAutore musicapThese Foolish Things aTracey WilliamdCodice autore SPICS: 20296eAutorepThese Foolish Things aMarvelldCodice autore testo/musica SPICS: 20297eAutore testo/musicapThese Foolish Things aYoumans VincentdCodice autore musica SPICS: 16157eAutore musicapI Want To Be Happy aCaesar IrvingdCodice autore SPICS: 20298eAutorepI Want To Be Happy aHammerstein OscardCodice autore musica SPICS: 15701eAutore musicapLover Come Back To Me aRomberg SigmunddCodice autore SPICS: 13771eAutorepLover Come Back To Me aSchwartz A.dCodice autore musica SPICS: 15555eAutore musicapSomething To Remember You By aDietz H.dCodice autore SPICS: 15554eAutorepSomething To Remember You By